Normal view
MARC view
Entry Topical Term
001 - CONTROL NUMBER
- control field: 65928
003 - CONTROL NUMBER IDENTIFIER
- control field: OSt
005 - DATE AND TIME OF LATEST TRANSACTION
- control field: 20260202144114.0
008 - FIXED-LENGTH DATA ELEMENTS
- fixed length control field: 260202|| aca||aabn | a|a d
040 ## - CATALOGING SOURCE
- Original cataloging agency: OSt
- Transcribing agency: OSt
150 ## - HEADING--TOPICAL TERM
- Topical term or geographic name entry element: History
- General subdivision: Lower Myanmar
- Chronological subdivision: (1824-1885)
- Geographic subdivision: Myanmar
670 ## - SOURCE DATA FOUND
- Source citation: Work cat.: (OSt): Shwe Wah. 4 Ph-D-Hist-5 65927, Administraion of lower Myanmar(1824-1885)., May,2008.